Score 0/20 Timer 05:00
6 Plays Today
Scrambled Movie Title Unscrambled Movie Title % Correct
SAWJJaws
99.4%
THAEHeat
86.4%
VEENSSeven
86.3%
SHARCCrash
83.8%
KCYRORocky
83%
NELIAAlien
81.3%
RAATVAAvatar
73.6%
LABACSAANCCasablanca
64%
ROFGAFargo
56%
YOHCSPPsycho
51%
Scrambled Movie Title Unscrambled Movie Title % Correct
WETKORNNetwork
48.9%
NETMOEMMemento
45.7%
RATODLAGIGladiator
43.8%
MEDUSAAAmadeus
37.9%
NOISCACasino
34.6%
RETIVOGVertigo
32.4%
CEINITPNOInception
30%
GORNUFVNEIUnforgiven
21.4%
LELIUTARTOARatatouille
18.6%
ADSOFOLGLEGoodfellas
10.3%

You're not logged in!

Compare scores with friends on all Sporcle quizzes.
OR
Log In

Sporcle TV

Today on Sporcle TV


Watch our educational content, quiz creation guides, and fun videos on Sporcle TV.

Show Comments

Extras

Top Quizzes Today


Score Distribution

Your Account Isn't Verified!

In order to create a playlist on Sporcle, you need to verify the email address you used during registration. Go to your Sporcle Settings to finish the process.

Report this User

Report this user for behavior that violates our Community Guidelines.

Details: